| 000 | 00587nam a2200193 4500 | ||
|---|---|---|---|
| 003 | SEACOMEC | ||
| 005 | 20240416122437.0 | ||
| 008 | 231006b |||||||| |||| 00| 0 eng d | ||
| 040 | _aSEACOMEC | ||
| 082 |
_a005.75 _bD323 |
||
| 100 | 1 | _aDate, C.J. | |
| 245 | 1 |
_aTemporal data and the relational model _ba detailed investigation _cC.J. Date, hugh Darwen and Nikes A. Lorentzes |
|
| 260 |
_aNew Delhi _bElsevier _c2006 |
||
| 650 | _aComputer programming, programs, data | ||
| 650 | _aData in computer systems | ||
| 700 | 1 | _aDarwen , hugh | |
| 700 | 1 | _aLorentzes, Nikes A. | |
| 942 | _cBOOK | ||
| 999 |
_c156 _d156 |
||